000 00833nas a2200265 4500
001 BR8402439
003 BR-BrBNA
005 20231205085913.0
007 ta
008 230509b bl.|||p| |||| 00| 00por d
040 _aBR-BrBNA
_bpor
_cBiblioteca Nacional de Agricultura
041 _a(Pt)
072 _aH20
100 1 _aCardoso, R.M.G.
100 1 _aPitta, G.P.B.
100 1 _aFigueiredo, M.B.
100 1 _aHennen, J.F.
245 1 _aDesmella aneimiae H. e P. Sydow agente causal de ferrugem em samambaias cultivadas
246 1 _aDesmella aneimiae H. e P. Sydow causal agent of rust on cultivated ferns
650 _aSAMAMBAIA
650 _aFERRUGEM
773 0 _tBiologico (Brazil)
_xISSN 0366-0567
_g(Feb 1983), v. 49(2) p. 35-39
_wBR8402439
909 _a202311
_bLúcia
_c55
_dLúcia Elande
942 _2AGRIS
_n0
_cANA
999 _c114664
_d114664